Skull Holes - Statistics

General Stats
  • This quiz has been taken 8 times
  • The average score is 8 of 20
Answer Stats
Hint Answer % Correct
Optic Optic Canal
67%
Olfactory Cribiform Plate
50%
Mandibular Nerve Foramen Ovale
50%
Maxillary Nerve Foramen Rotundum
50%
Hypoglossal Nerve Hypoglossal Canal
50%
Ophthalmic Artery Optic Canal
50%
Occulomotor Superior Orbital Fissure
50%
Trochlear Superior Orbital Fissure
50%
Ophthalmic Nerve Superior Orbital Fissure
50%
Internal Carotid Artery Carotid Canal
33%
Vertebral Arteries Foramen Magnum
33%
Middle Meningeal Artery Foramen Spinosum
33%
Glossopharyngeal Jugular Foramen
33%
Vagus Jugular Foramen
33%
Accessory Jugular Foramen
33%
Abducens Superior Orbital Fissure
33%
Facial Nerve Internal Acoustic Meatus
17%
Vestibulocochlear Internal Acoustic Meatus
17%
Pituitary Gland Sella Turcica
17%
Internal Jugular Vein Hypoglossal Canal
0%
No matching quizzes found
Score Distribution
Percent of People with Each Score
Percentile by Number Answered
Your Score History
You have not taken this quiz